| Tag |
First Indicator |
Second Indicator |
Subfields |
| LEADER |
00000cam a2200000 4500 |
| 001 |
in00000286331 |
| 005 |
20151010073130.0 |
| 008 |
740520r19731885ii a d 00000 eng d |
| 035 |
|
|
|a (OCoLC)00890913
|
| 035 |
|
|
|9 ABF0389AM
|
| 040 |
|
|
|c CIN
|d TXA
|d UtOrBLW
|
| 049 |
|
|
|a TXAM
|c [1181550]
|
| 090 |
|
|
|a BP40
|b .H8 1973
|
| 100 |
1 |
|
|a Hughes, Thomas Patrick,
|d 1838-1911.
|
| 245 |
1 |
2 |
|a A dictionary of Islam ;
|b being a cyclopaedia of the doctrines, rites, ceremonies, and customs, together with the technical and theological terms, of the Muhammadan religion.
|
| 264 |
|
1 |
|a Delhi :
|b Oriental Publishers,
|c 1973.
|
| 300 |
|
|
|a vii, 750 pages :
|b illustrations
|
| 336 |
|
|
|a text
|b txt
|2 rdacontent
|
| 337 |
|
|
|a unmediated
|b n
|2 rdamedia
|
| 338 |
|
|
|a volume
|b nc
|2 rdacarrier
|
| 500 |
|
|
|a Reprint of 1885 edition.
|
| 650 |
|
0 |
|a Islam
|v Dictionaries.
|
| 740 |
0 |
|
|a Islam.
|
| 999 |
|
|
|a MARS
|
| 999 |
f |
f |
|s 6d5a9ee5-e26d-3e2f-a344-4a7c07feb905
|i e7c55837-1d77-35f9-8ca5-918d35c70d5c
|t 0
|
| 952 |
f |
f |
|p ric
|a Texas A&M University
|b Rellis Campus
|c Joint Library Facility
|d Remote Storage
|t 0
|e BP40 .H8 1973
|h Library of Congress classification
|i unmediated -- volume
|m A14801753344
|
| 998 |
f |
f |
|a BP40 .H8 1973
|t 0
|l Remote Storage
|